000 00354cam a2200145ua 4500
003 OSt
008 250610b |||||||| |||| 00| 0 eng d
041 _aeng
082 _a624.171
_bCLA/MA
100 _aClark, D A R .
_97553
245 _aMaterials and structures /
260 _aLondon :
_bBlackie & Son Ltd ,
_c1963.
300 _a388 ; .
942 _cBK
999 _c1891
_d1891